Freiburger Stadtteile - Statistiken

Allgemein
  • Dieses Quiz wurde 111 mal gespielt
  • Das Durchschnittsergebnis liegt bei 16 aus 28
Antwortstatistiken
Antwort % Korrekt
Littenweiler
88%
Vauban
87%
Wiehre
84%
Zähringen
82%
Haslach
80%
Herdern
76%
Landwasser
76%
Altstadt
74%
Rieselfeld
73%
Stühlinger
72%
Weingarten
72%
St. Georgen
61%
Günterstal
59%
Betzenhausen
56%
Opfingen
51%
Ebnet
50%
Kappel
48%
Lehen
43%
Mooswald
43%
Tiengen
43%
Waldsee
37%
Hochdorf
33%
Munzingen
33%
Waltershofen
32%
Brühl
29%
Neuburg
29%
Oberau
27%
Mundenhof
21%
Keine übereinstimmenden Quizze gefunden
Verteilung der Resultate
Anzahl Personen mit jedem Resultat
Perzentil nach korrekt beantworteten Fragen
Ihre Resultats-Entwicklung
Sie haben dieses Quiz noch nicht gespielt